000 nam a22 i 4500
999 _c1799
_d1799
003 AKMAL
005 20170512092238.0
008 170512s2014 my e w f000 0 may d
020 _a9789839997866
_qvolume 3
_qhardback
040 _aAKMAL
082 0 4 _a343.59505602643 JUR
_223
090 0 0 _a343.59505602643
_bJUR
245 0 0 _aJURNAL UNDANG-UNDANG TRIBUNAL RAYUAN KASTAM.
_nJILID 3 (61-90)
264 1 _aKuala Lumpur :
_bKementerian Kewangan Malaysia,
_c2014
300 _avi, 147 pages ;
_c25 cm
599 _aDALAM PROSES
650 1 0 _aTariff
_zMalaysia
_vCases
_93709
650 2 0 _aCustoms administration
_zMalaysia
_vCases
_93710
710 2 _aMalaysia.
_bKementerian Kewangan.
_bTribunal Rayuan Kastam,
_eissuing body.
_93718
942 _2ddc
_cBOOK
950 _lAKMAL